000 00879 a2200277 4500
005 20260408145311.0
008 260408b |||||||| |||| 00| 0 eng d
020 _a9781032702223 (pbk)
037 _cTB
040 _aCRL
_cCRL
041 _2eng
_aeng
084 _aS1:55:(Y:44) R6
_qCRL
245 _aChild Sexual Abuse:
_bWhy Children disclose or Deny Being Abused
250 _a2nd
260 _aNew York, USA:
_bRoutledge,
_c2026.
300 _a339p.
365 _b57.99
_cGBP
650 _aChild Psychology
650 _aSex
650 _aSociology
700 _aLamb, Michael E.
_eEditor,
_9852521
700 _aHershkowitz, Irit
_eEditor,
_91234361
700 _aPipe, Margaret Ellen
_eEditor,
_91234362
942 _cTB
_2CC
_hS1:55:(Y:44) R6
999 _c1435994
_d1435994